000 00884nam a2200253 a 4500
999 _c12592
_d12592
001 12592
003 BD-JhCC
005 20221010093832.0
008 221010s20132019bg |||| |||| 000 0 ban d
020 _a9847012002247
035 _a(BD-JhCC)12592
040 _aBD-JhCC
_dBD-JhCC
041 _aBangla
082 _a923
_bASH 2019
100 _aআশরাফ, কাজী মহম্মদ
245 _aআখতারুজ্জামান ইলিয়াস /
_cকাজী মহম্মদ আশরাফ
260 _aঢাকা :
_bকথাপ্রকাশ,
_c২০১৯
300 _a৮০ পৃ. :
_c২১ সেমি.
490 _aজীবনী গ্রন্থমালা
504 _aগ্রন্থপঞ্জি অর্ন্তভূক্ত।
600 _aElias, Akhtaruzzaman
650 _aBiography
942 _2ddc
_cBK